000
00333 a2200157 4500
001
175696
020
_a
040
_c
Magnum
100
_a
Borges, Geruza Helena
240
1
0
_a
Estudos sociais/v.3
_l
por
245
1
0
_a
Estudos sociais/v.3
362
0
_a
1899
440
1
_a
FTD
697
_a
MAGNITO: ESTUDOS SOCIAIS
942
_c
BK
999
_c
175696
_d
175696